The Kings Maiesties resolvtion : concerning his marching toward London with his army : also a true declaration of His Majesties proceedings since he went to Oxford : with the substance of a proclamation which His Majesty caused to be read in the said city : also manifesting the cruelty of Prince Robert in plundering the towne of Keinton in Warwickeshire and putting the inhabitants to the sword.

Bibliographic Details
Other Authors: Charles I, King of England, 1600-1649
Format: Microform Book
Language:English
Series:Early English books, 1641-1700 ; 248:E.126, no. 4.
Subjects:

MARC

Tag First Indicator Second Indicator Subfields
LEADER 00000cam a2200000 a 4500
001 in00000946421
005 20150926130851.0
007 hd afv|||baca
008 850819r19671642miu a 00000 eng d
035 |a (OCoLC)12397271 
035 |9 AET6138AM 
037 |a CL0037000007  |b UMI 
037 |b University Microfilms International, 300 N. Zeeb Rd., Ann Arbor, MI 48106 
040 |a EAA  |c EAA  |d m/c  |d UtOrBLW 
049 |a TXAI 
099 |a film   |a  B   |a  3609 
245 0 4 |a The Kings Maiesties resolvtion :  |b concerning his marching toward London with his army : also a true declaration of His Majesties proceedings since he went to Oxford : with the substance of a proclamation which His Majesty caused to be read in the said city : also manifesting the cruelty of Prince Robert in plundering the towne of Keinton in Warwickeshire and putting the inhabitants to the sword. 
264 3 |a London :  |b Printed by T. Favvcet for R. C.,  |c Nov. 1, 1642. 
300 |a 8 unnumbered pages 
336 |a text  |b txt  |2 rdacontent 
337 |a microform  |b h  |2 rdamedia 
338 |a microfilm reel  |b hd  |2 rdacarrier 
500 |a A slight vague piece, attributing to Endymion Porter the King's plan of retreating from Hanwell to Oxford and belittling the royalist army. ... The proclamtion was one of general pardon to all who submit. Cf. Madan. 
500 |a Reproduction of original in Thomason Collection, British Library. 
510 4 |a Wing  |c C2745 
510 4 |a Madan  |c 1050 
533 |a Microfilm.  |b Ann Arbor, Mich. :  |c University Microfilms,  |d 1967.  |e 1 microfilm reel : 35 mm.  |f (Early English books, 1641-1700 ; 248:E.126, no. 4) 
500 |a Microform. 
600 0 0 |a Rupert,  |c Prince, Count Palatine,  |d 1619-1682. 
651 0 |a Great Britain  |x History  |y Civil War, 1642-1649. 
700 0 |a Charles  |b I,  |c King of England,  |d 1600-1649. 
830 0 |a Early English books, 1641-1700 ;  |v 248:E.126, no. 4. 
999 |a MARS 
999 f f |s 02aff055-56e3-37e1-ac70-3f05e193c5aa  |i 68bb3380-c6a2-32c1-a5c1-2f6047576b1c  |t 0 
952 f f |p default  |a Texas A&M University  |b College Station  |c Sterling C. Evans Library  |d Evans: Microforms (3rd floor)  |t 0  |e film B 3609 248:E.126 no. 4  |h Other scheme  |i microform -- microfilm reel 
998 f f |a film B 3609 248:E.126 no. 4  |t 0  |l Evans: Microforms (3rd floor)